Anagrammes de fruits - Statistiques

Statistiques générales
  • Ce quiz a été pris 683 fois
  • Le résultat moyen est 15 sur 15
Statistiques - réponses
Hint Réponse % Correct
CITNRO Citron
100%
IKWI Kiwi
100%
MMPOE Pomme
100%
NANBAE Banane
99%
RFISEA Fraise
99%
ITLHCI Litchi
99%
RMUE Mure
99%
RIEPO Poire
99%
REGNADE Grenade
98%
YPAEAP Papaye
98%
RNUPE Prune
98%
NLOME Melon
96%
QSTPAEUE Pasteque
95%
VOLIE Olive
90%
BRCAITO Abricot
80%
Aucun quiz correspondant
Distribution des résultats
% des personnes avec chaque résultat
Percentile par nombre de réponses
Votre historique - résultats
Vous n’avez pas pris ce quiz